[Event "Hastings Masters"]
[Site "Horntye, Hastings"]
[Date "2018.01.01"]
[Round "5.21"]
[White "Salmons, Calum"]
[Black "White, Stuart A"]
[Result "1-0"]
[BlackElo "2112"]
[WhiteElo "1756"]
[LiveChessVersion "1.4.8"]

1. e4 {[%clk 1:40:57]} e6 {[%clk 1:40:56]} 2. Nf3 {[%clk 1:41:23]} d5
{[%clk 1:38:48]} 3. e5 {[%clk 1:41:47]} c5 {[%clk 1:37:59]} 4. b4
{[%clk 1:42:02]} c4 {[%clk 1:37:10]} 5. a3 {[%clk 1:41:21]} a5 {[%clk 1:35:29]}
6. b5 {[%clk 1:41:11]} Nd7 {[%clk 1:30:20]} 7. d3 {[%clk 1:39:10]} cxd3
{[%clk 1:28:20]} 8. cxd3 {[%clk 1:38:43]} f6 {[%clk 1:24:37]} 9. d4
{[%clk 1:36:29]} fxe5 {[%clk 1:17:36]} 10. dxe5 {[%clk 1:36:20]} Nc5
{[%clk 1:09:55]} 11. Nbd2 {[%clk 1:29:51]} Qb6 {[%clk 0:59:36]} 12. Nb3
{[%clk 1:24:46]} Nxb3 {[%clk 0:57:52]} 13. Qxb3 {[%clk 1:23:53]} Bc5
{[%clk 0:57:10]} 14. Qb2 {[%clk 1:19:33]} Ne7 {[%clk 0:54:45]} 15. Bg5
{[%clk 1:08:06]} Nf5 {[%clk 0:49:27]} 16. Rd1 {[%clk 1:06:03]} Bd7
{[%clk 0:41:47]} 17. Bd3 {[%clk 0:53:20]} O-O {[%clk 0:36:26]} 18. O-O
{[%clk 0:47:17]} Rac8 {[%clk 0:34:31]} 19. a4 {[%clk 0:43:42]} Be8
{[%clk 0:30:32]} 20. h3 {[%clk 0:36:05]} Ng3 21. Rfe1 {[%clk 0:18:02]} Bh5
{[%clk 0:23:03]} 22. Be3 Bxf3 23. Bxc5 {[%clk 0:16:44]} Qxc5 {[%clk 0:14:12]} 24.
gxf3 {[%clk 0:16:29]} Nh5 {[%clk 0:13:36]} 25. Rc1 {[%clk 0:12:24]} Qe7
{[%clk 0:12:51]} 26. Rxc8 {[%clk 0:11:45]} Qg5+ {[%clk 0:12:18]} 27. Kh1
{[%clk 0:11:01]} Rxc8 {[%clk 0:12:42]} 28. Qd4 {[%clk 0:10:12]} Nf4
{[%clk 0:09:03]} 29. Bf1 {[%clk 0:10:01]} Rf8 {[%clk 0:05:53]} 30. Qb6
{[%clk 0:04:24]} Qh4 {[%clk 0:03:40]} 31. Rc1 {[%clk 0:03:23]} h6
{[%clk 0:02:51]} 32. Rc7 {[%clk 0:02:25]} Rf5 33. Qxb7 {[%clk 0:01:13]} Rg5
{[%clk 0:02:10]} 34. Qb6 {[%clk 0:01:12]} Kh7 {[%clk 0:02:20]} 35. Kh2
{[%clk 0:01:22]} Rh5 36. Qa7 {[%clk 0:01:39]} Rg5 {[%clk 0:01:52]} 37. Qb6
{[%clk 0:01:27]} h5 {[%clk 0:01:13]} 38. Qd4 {[%clk 0:01:33]} Rxe5
{[%clk 0:01:11]} 39. b6 {[%clk 0:00:42]} Qg5 {[%clk 0:00:31]} 40. Rc1
{[%clk 0:47:29]} Ne2 {[%clk 0:47:46]} 41. Bxe2 {[%clk 0:46:25]} Rxe2
{[%clk 0:36:07]} 42. Qd3+ {[%clk 0:35:31]} Kh6 {[%clk 0:36:25]} 43. Qxe2
{[%clk 0:35:50]} Qf4+ {[%clk 0:36:48]} 44. Kg2 Qg5+ 45. Kf1 {[%clk 0:35:56]}
Qxc1+ {[%clk 0:37:11]} 46. Qe1 {[%clk 0:35:48]} Qc4+ {[%clk 0:16:50]} 47. Kg2
{[%clk 0:33:44]} d4 {[%clk 0:16:27]} 48. Qd2+ {[%clk 0:33:16]} Kh7
{[%clk 0:08:52]} 49. Qxa5 {[%clk 0:30:54]} Qc8 {[%clk 0:09:19]} 50. Qxh5+
{[%clk 0:30:34]} Kg8 {[%clk 0:06:41]} 51. Qg6 {[%clk 0:26:01]} e5
{[%clk 0:06:13]} 52. a5 {[%clk 0:25:33]} Qa6 {[%clk 0:06:13]} 53. Qe8+
{[%clk 0:25:33]} Kh7 {[%clk 0:07:04]} 54. Qh5+ {[%clk 0:25:54]} Kg8
{[%clk 0:07:10]} 55. Qxe5 d3 {[%clk 0:06:56]} 56. Qd5+ {[%clk 0:26:25]} Kh7 57.
b7 1-0

[Event "Hastings Masters"]
[Site "Horntye, Hastings"]
[Date "2018.01.01"]
[Round "5.22"]
[White "Byron, Alan M"]
[Black "Dev, Shah"]
[Result "1-0"]
[BlackElo "1877"]
[WhiteElo "2099"]
[LiveChessVersion "1.4.8"]

1. e4 {[%clk 1:40:43]} e5 {[%clk 1:39:57]} 2. Nf3 {[%clk 1:41:04]} Nc6
{[%clk 1:40:26]} 3. Bc4 {[%clk 1:41:26]} Nf6 {[%clk 1:40:46]} 4. d3
{[%clk 1:41:26]} Be7 {[%clk 1:41:07]} 5. O-O {[%clk 1:41:47]} O-O
{[%clk 1:41:32]} 6. Re1 {[%clk 1:42:13]} d6 {[%clk 1:41:57]} 7. a4
{[%clk 1:42:34]} a6 {[%clk 1:42:10]} 8. Nbd2 {[%clk 1:42:07]} Be6
{[%clk 1:41:36]} 9. c3 {[%clk 1:42:03]} Na5 {[%clk 1:31:24]} 10. Bxe6
{[%clk 1:28:08]} fxe6 {[%clk 1:31:52]} 11. b4 {[%clk 1:26:55]} Nc6
{[%clk 1:32:15]} 12. Rb1 {[%clk 1:21:57]} Qd7 {[%clk 1:27:57]} 13. b5
{[%clk 1:18:42]} Nd8 {[%clk 1:26:04]} 14. Nc4 {[%clk 1:14:52]} axb5
{[%clk 1:23:22]} 15. axb5 {[%clk 1:15:15]} Nf7 {[%clk 1:20:40]} 16. h3
{[%clk 1:00:24]} b6 {[%clk 1:18:11]} 17. Be3 {[%clk 0:49:09]} Ra7
{[%clk 1:16:52]} 18. Qb3 {[%clk 0:47:59]} Rb8 {[%clk 1:02:45]} 19. Ra1
{[%clk 0:45:17]} Rba8 {[%clk 1:02:57]} 20. Rxa7 {[%clk 0:45:32]} Rxa7
{[%clk 1:03:25]} 21. Bc1 {[%clk 0:44:35]} Nd8 {[%clk 0:51:12]} 22. d4
{[%clk 0:19:09]} exd4 {[%clk 0:50:30]} 23. cxd4 {[%clk 0:19:08]} Nb7
{[%clk 0:49:27]} 24. Bd2 {[%clk 0:19:19]} Nd8 {[%clk 0:39:21]} 25. g3
{[%clk 0:19:10]} Nf7 {[%clk 0:35:29]} 26. Kg2 {[%clk 0:18:57]} Ra8
{[%clk 0:33:42]} 27. Bg5 {[%clk 0:11:27]} Re8 {[%clk 0:29:39]} 28. Bxf6
{[%clk 0:10:34]} Bxf6 {[%clk 0:29:47]} 29. e5 {[%clk 0:10:48]} Bd8
{[%clk 0:28:56]} 30. Ra1 {[%clk 0:06:50]} d5 {[%clk 0:28:35]} 31. Nb2
{[%clk 0:06:38]} Be7 {[%clk 0:28:31]} 32. Ra7 {[%clk 0:06:29]} Rc8
{[%clk 0:28:21]} 33. Na4 {[%clk 0:05:34]} Qe8 {[%clk 0:26:20]} 34. Nc3
{[%clk 0:05:13]} Bd8 {[%clk 0:25:32]} 35. Qa4 {[%clk 0:04:09]} Qd7
{[%clk 0:19:32]} 36. Qa6 {[%clk 0:03:31]} Rb8 {[%clk 0:20:01]} 37. Na2
{[%clk 0:02:34]} Be7 {[%clk 0:19:54]} 38. h4 {[%clk 0:02:36]} Kf8
{[%clk 0:19:16]} 39. Qa4 {[%clk 0:02:56]} Kg8 {[%clk 0:18:28]} 40. Nc1
{[%clk 0:01:50]} Bd8 {[%clk 0:16:13]} 41. Nd3 {[%clk 0:49:16]} Be7
{[%clk 1:06:42]} 42. Nf4 {[%clk 0:43:31]} Nd8 {[%clk 1:06:24]} 43. Ng1
{[%clk 0:28:37]} Nf7 {[%clk 1:02:36]} 44. Qc2 {[%clk 0:23:16]} Rc8
{[%clk 1:01:04]} 45. Nge2 {[%clk 0:22:37]} Nd8 {[%clk 0:59:19]} 46. Nc1
{[%clk 0:19:56]} Bf8 {[%clk 0:56:53]} 47. Ncd3 {[%clk 0:19:50]} Be7
{[%clk 0:56:05]} 48. Nb2 {[%clk 0:16:00]} Bf8 {[%clk 0:56:19]} 49. Qb3
{[%clk 0:14:31]} Qe7 {[%clk 0:45:01]} 50. Qc2 {[%clk 0:14:23]} Qd7
{[%clk 0:45:02]} 51. Nh3 {[%clk 0:10:41]} Qxb5 {[%clk 0:44:51]} 52. Ng5
{[%clk 0:10:42]} g6 {[%clk 0:43:59]} 53. Rxc7 {[%clk 0:10:52]} Qxb2
{[%clk 0:42:45]} 54. Qxb2 {[%clk 0:08:50]} Rxc7 {[%clk 0:43:14]} 55. Qxb6
{[%clk 0:09:11]} 1-0

[Event "Hastings Masters"]
[Site "Horntye, Hastings"]
[Date "2018.01.01"]
[Round "5.23"]
[White "Muir, Andrew J"]
[Black "Ahluwalia, Amardip"]
[Result "1-0"]
[BlackElo "2004"]
[WhiteElo "2297"]
[LiveChessVersion "1.4.8"]

1. d4 {[%clk 1:40:57]} Nf6 {[%clk 1:40:47]} 2. c4 {[%clk 1:41:17]} g6
{[%clk 1:40:50]} 3. Nc3 {[%clk 1:41:13]} d5 {[%clk 1:40:51]} 4. cxd5
{[%clk 1:40:06]} Nxd5 {[%clk 1:40:34]} 5. e4 {[%clk 1:40:30]} Nxc3
{[%clk 1:40:54]} 6. bxc3 {[%clk 1:40:55]} Bg7 {[%clk 1:40:36]} 7. Nf3
{[%clk 1:41:05]} c5 {[%clk 1:39:38]} 8. Rb1 {[%clk 1:41:12]} O-O {[%clk 1:38:24]}
9. Be2 {[%clk 1:41:06]} b6 {[%clk 1:36:58]} 10. O-O {[%clk 1:41:12]} Bb7
{[%clk 1:37:13]} 11. d5 {[%clk 1:40:44]} Bxc3 {[%clk 1:36:16]} 12. Bc4
{[%clk 1:40:41]} Bg7 {[%clk 1:29:55]} 13. Qd3 {[%clk 1:40:36]} Qd6
{[%clk 1:24:44]} 14. e5 {[%clk 1:32:58]} Qc7 {[%clk 1:13:29]} 15. Bf4
{[%clk 1:22:20]} Nd7 {[%clk 1:03:17]} 16. Rfe1 {[%clk 1:17:31]} Rad8
{[%clk 0:55:52]} 17. Qe3 {[%clk 1:14:24]} Qc8 {[%clk 0:48:26]} 18. Bg5
{[%clk 1:09:35]} Rde8 {[%clk 0:43:02]} 19. e6 {[%clk 1:08:34]} fxe6
{[%clk 0:39:28]} 20. Qxe6+ {[%clk 1:08:28]} Kh8 {[%clk 0:39:32]} 21. Bb5
{[%clk 1:02:18]} Nf6 {[%clk 0:36:28]} 22. Bxe8 {[%clk 1:01:56]} Rxe8
{[%clk 0:34:03]} 23. Qxc8 {[%clk 0:57:14]} Rxc8 {[%clk 0:33:23]} 24. Rxe7
{[%clk 0:57:20]} Bxd5 {[%clk 0:33:39]} 25. Rxa7 {[%clk 0:57:18]} Bxf3
{[%clk 0:27:57]} 26. gxf3 {[%clk 0:53:54]} Nd5 {[%clk 0:27:38]} 27. Rd7
{[%clk 0:52:05]} Nb4 {[%clk 0:25:24]} 28. a3 {[%clk 0:50:45]} Nc2
{[%clk 0:24:22]} 29. Rxb6 {[%clk 0:50:01]} Nd4 {[%clk 0:24:44]} 30. Kg2
{[%clk 0:43:18]} Nf5 {[%clk 0:24:37]} 31. Rd8+ {[%clk 0:41:23]} Rxd8
{[%clk 0:24:55]} 32. Bxd8 {[%clk 0:41:48]} Kg8 {[%clk 0:24:35]} 33. Rc6
{[%clk 0:35:53]} Bd4 {[%clk 0:24:18]} 34. Bb6 {[%clk 0:34:45]} 1-0

[Event "Hastings Masters"]
[Site "Horntye, Hastings"]
[Date "2018.01.01"]
[Round "5.24"]
[White "Forster, Matthew"]
[Black "Willow, Jonah B"]
[Result "0-1"]
[BlackElo "2152"]
[WhiteElo "1979"]
[LiveChessVersion "1.4.8"]

1. c4 {[%clk 1:40:55]} c5 {[%clk 1:40:51]} 2. g3 {[%clk 1:41:10]} Nc6
{[%clk 1:41:17]} 3. Bg2 {[%clk 1:41:31]} g6 {[%clk 1:41:43]} 4. Nc3
{[%clk 1:41:47]} Bg7 {[%clk 1:42:09]} 5. e3 {[%clk 1:42:01]} e6 {[%clk 1:42:27]}
6. Nge2 {[%clk 1:42:14]} Nge7 {[%clk 1:42:52]} 7. d4 {[%clk 1:42:25]} cxd4
{[%clk 1:42:20]} 8. exd4 {[%clk 1:42:46]} d5 {[%clk 1:42:26]} 9. cxd5
{[%clk 1:42:30]} Nxd5 {[%clk 1:42:44]} 10. O-O {[%clk 1:42:42]} O-O
{[%clk 1:42:43]} 11. Qb3 {[%clk 1:38:02]} Na5 {[%clk 1:35:50]} 12. Qd1
{[%clk 1:31:46]} Nxc3 {[%clk 1:32:43]} 13. bxc3 {[%clk 1:31:07]} Bd7
{[%clk 1:32:49]} 14. Rb1 {[%clk 1:25:22]} Rc8 {[%clk 1:24:11]} 15. Be3
{[%clk 1:17:26]} b6 {[%clk 1:19:39]} 16. Qc1 {[%clk 1:10:20]} Bc6
{[%clk 1:14:15]} 17. Bxc6 {[%clk 1:09:16]} Rxc6 {[%clk 1:14:20]} 18. Bh6
{[%clk 0:43:58]} Qd5 {[%clk 1:07:57]} 19. Bxg7 {[%clk 0:42:20]} Kxg7
{[%clk 1:08:19]} 20. Rb2 {[%clk 0:39:29]} Rfc8 {[%clk 1:04:57]} 21. Rc2
{[%clk 0:35:36]} b5 {[%clk 0:57:15]} 22. Rd1 {[%clk 0:29:23]} b4 {[%clk 0:50:40]}
23. Nf4 {[%clk 0:21:33]} Qb5 {[%clk 0:29:21]} 24. Rd3 {[%clk 0:17:21]} g5
{[%clk 0:15:39]} 25. d5 {[%clk 0:16:46]} gxf4 {[%clk 0:15:36]} 26. dxc6
{[%clk 0:16:58]} Qxd3 {[%clk 0:16:02]} 27. cxb4 {[%clk 0:17:27]} Nxc6
{[%clk 0:15:29]} 28. Rxc6 {[%clk 0:17:11]} Rxc6 {[%clk 0:15:51]} 29. Qxc6
{[%clk 0:17:23]} Qb1+ {[%clk 0:16:13]} 30. Kg2 {[%clk 0:16:33]} Qxb4
{[%clk 0:16:34]} 31. Qc1 {[%clk 0:12:15]} Qe4+ {[%clk 0:16:13]} 32. Kh3
{[%clk 0:09:59]} Qf5+ {[%clk 0:16:33]} 33. g4 {[%clk 0:07:20]} Qd3+
{[%clk 0:16:45]} 34. Kh4 {[%clk 0:05:49]} Qd4 {[%clk 0:15:34]} 35. Kh5
{[%clk 0:03:39]} Qe5+ {[%clk 0:10:07]} 36. Kh4 {[%clk 0:03:57]} Qf6+
{[%clk 0:09:32]} 37. g5 {[%clk 0:01:35]} Qf5 {[%clk 0:09:45]} 38. Qc8
{[%clk 0:00:40]} Qe5 {[%clk 0:09:24]} 39. Qd8 {[%clk 0:00:34]} f3
{[%clk 0:07:50]} 40. Kg4 {[%clk 0:00:34]} Qf5+ {[%clk 0:06:43]} 41. Kg3
{[%clk 0:48:35]} Kg6 {[%clk 0:53:13]} 42. Qa8 {[%clk 0:31:49]} Qxg5+
{[%clk 0:50:22]} 43. Kxf3 {[%clk 0:32:07]} Qd5+ {[%clk 0:50:31]} 44. Qxd5
{[%clk 0:32:19]} exd5 {[%clk 0:50:55]} 45. a4 {[%clk 0:30:55]} Kf5
{[%clk 0:49:09]} 46. a5 {[%clk 0:29:29]} d4 {[%clk 0:48:50]} 47. a6
{[%clk 0:29:19]} Ke5 {[%clk 0:48:56]} 48. h4 {[%clk 0:27:24]} h5 {[%clk 0:49:04]}
49. Ke2 {[%clk 0:26:23]} Ke4 {[%clk 0:49:06]} 50. Kd2 {[%clk 0:26:11]} f5
{[%clk 0:49:05]} 51. Ke2 {[%clk 0:26:01]} d3+ {[%clk 0:49:20]} 0-1

[Event "Hastings Masters"]
[Site "Horntye, Hastings"]
[Date "2018.01.01"]
[Round "5.25"]
[White "Stanisz, Patryk"]
[Black "Lovell, William Pm"]
[Result "1-0"]
[BlackElo "1688"]
[WhiteElo "2150"]
[LiveChessVersion "1.4.8"]

1. Nf3 {[%clk 1:40:57]} d5 {[%clk 1:40:56]} 2. d4 {[%clk 1:41:19]} Nf6
{[%clk 1:41:21]} 3. c4 {[%clk 1:41:42]} dxc4 {[%clk 1:41:46]} 4. e3
{[%clk 1:42:07]} e6 {[%clk 1:42:10]} 5. Bxc4 {[%clk 1:42:30]} a6 {[%clk 1:42:35]}
6. Qe2 {[%clk 1:38:10]} b5 {[%clk 1:41:57]} 7. Bd3 {[%clk 1:38:30]} Bb7
{[%clk 1:42:19]} 8. O-O {[%clk 1:36:47]} Nbd7 {[%clk 1:41:51]} 9. Rd1
{[%clk 1:34:34]} c5 {[%clk 1:37:53]} 10. dxc5 {[%clk 1:27:26]} Bxc5
{[%clk 1:35:43]} 11. a3 {[%clk 1:27:56]} Qc7 {[%clk 1:29:23]} 12. h3
{[%clk 1:15:20]} O-O {[%clk 1:27:31]} 13. e4 {[%clk 1:13:58]} Ne5
{[%clk 1:18:09]} 14. Nxe5 {[%clk 1:11:58]} Qxe5 {[%clk 1:18:08]} 15. Nd2
{[%clk 1:12:23]} h6 {[%clk 1:14:14]} 16. Nf3 {[%clk 1:11:39]} Qc7
{[%clk 1:13:12]} 17. Bd2 {[%clk 0:57:25]} Rac8 {[%clk 1:03:11]} 18. Bc3
{[%clk 0:44:54]} Qe7 {[%clk 0:58:29]} 19. Be5 {[%clk 0:31:19]} Rfd8
{[%clk 0:57:00]} 20. Bg3 {[%clk 0:30:03]} Nh5 {[%clk 0:50:58]} 21. Bh2
{[%clk 0:30:16]} Qf6 {[%clk 0:46:44]} 22. b4 {[%clk 0:21:38]} Bb6
{[%clk 0:45:30]} 23. Bxb5 {[%clk 0:21:44]} axb5 {[%clk 0:40:31]} 24. Qxb5
{[%clk 0:22:05]} Bxe4 {[%clk 0:39:02]} 25. Qxh5 {[%clk 0:22:18]} Bxf3
{[%clk 0:34:16]} 26. Qxf3 {[%clk 0:21:43]} Rxd1+ {[%clk 0:33:51]} 27. Rxd1
{[%clk 0:21:35]} Qxf3 {[%clk 0:33:59]} 28. gxf3 {[%clk 0:22:03]} Rc3
{[%clk 0:33:37]} 29. Rd6 {[%clk 0:21:08]} Bc7 {[%clk 0:31:31]} 30. Ra6
{[%clk 0:18:12]} Bxh2+ {[%clk 0:30:36]} 31. Kxh2 {[%clk 0:18:40]} Rxf3
{[%clk 0:30:41]} 32. Kg2 {[%clk 0:16:41]} Rb3 {[%clk 0:30:45]} 33. Ra8+
{[%clk 0:17:09]} Kh7 {[%clk 0:31:04]} 34. Ra5 {[%clk 0:17:38]} Kg6
{[%clk 0:30:27]} 35. b5 {[%clk 0:17:36]} Kf6 {[%clk 0:30:40]} 36. a4
{[%clk 0:17:58]} Ke5 {[%clk 0:25:21]} 37. Ra6 {[%clk 0:16:13]} Rb4
{[%clk 0:23:19]} 38. b6 {[%clk 0:16:28]} Kd6 {[%clk 0:22:33]} 39. a5
{[%clk 0:16:47]} Rb5 {[%clk 0:19:32]} 40. Ra7 {[%clk 0:17:05]} g5
{[%clk 0:16:54]} 41. b7 {[%clk 0:17:09]} Kc7 {[%clk 0:08:14]} 42. a6
{[%clk 0:16:50]} Rb6 {[%clk 0:05:53]} 43. Ra8 {[%clk 0:16:52]} Rxa6
{[%clk 0:06:10]} 44. b8=Q+ {[%clk 0:17:07]} 1-0

[Event "Hastings Masters"]
[Site "Horntye, Hastings"]
[Date "2018.01.01"]
[Round "5.26"]
[White "Villiers, Thomas"]
[Black "Munshi, Aditya"]
[Result "1-0"]
[BlackElo "2001"]
[WhiteElo "2136"]
[LiveChessVersion "1.4.8"]

1. Nf3 {[%clk 1:40:58]} Nf6 {[%clk 1:39:35]} 2. c4 {[%clk 1:41:23]} c5
{[%clk 1:39:44]} 3. Nc3 {[%clk 1:41:45]} b6 {[%clk 1:40:02]} 4. e4
{[%clk 1:42:09]} d6 {[%clk 1:40:01]} 5. d4 {[%clk 1:42:33]} cxd4 {[%clk 1:39:35]}
6. Nxd4 {[%clk 1:42:55]} e6 {[%clk 1:38:52]} 7. Be2 {[%clk 1:38:02]} Bb7
{[%clk 1:38:33]} 8. Qc2 {[%clk 1:38:10]} Be7 {[%clk 1:37:52]} 9. O-O
{[%clk 1:37:55]} Nbd7 {[%clk 1:37:46]} 10. Be3 {[%clk 1:36:04]} O-O
{[%clk 1:37:31]} 11. f4 {[%clk 1:35:55]} a6 {[%clk 1:26:28]} 12. Rad1
{[%clk 1:34:24]} Qc7 {[%clk 1:26:16]} 13. g4 {[%clk 1:33:45]} Nc5
{[%clk 0:58:47]} 14. Bf3 {[%clk 1:32:39]} Rfd8 {[%clk 0:48:20]} 15. g5
{[%clk 1:31:10]} Ne8 {[%clk 0:48:11]} 16. h4 {[%clk 1:25:05]} Rac8
{[%clk 0:36:03]} 17. h5 {[%clk 1:19:07]} Bf8 {[%clk 0:26:24]} 18. Qg2
{[%clk 1:13:38]} e5 {[%clk 0:25:16]} 19. Nde2 {[%clk 1:10:55]} Nd7
{[%clk 0:20:41]} 20. Nd5 {[%clk 1:08:58]} Bxd5 {[%clk 0:20:12]} 21. cxd5
{[%clk 1:08:39]} exf4 {[%clk 0:17:56]} 22. Nxf4 {[%clk 1:07:54]} g6
{[%clk 0:17:33]} 23. Bg4 {[%clk 1:07:09]} Bg7 {[%clk 0:17:31]} 24. hxg6
{[%clk 1:05:22]} hxg6 {[%clk 0:15:34]} 25. Ne6 {[%clk 1:01:39]} Qc4
{[%clk 0:15:30]} 26. Nxg7 {[%clk 0:55:12]} Nxg7 {[%clk 0:15:49]} 27. Bxd7
{[%clk 0:55:29]} Rxd7 {[%clk 0:16:16]} 28. Rc1 {[%clk 0:55:54]} Rdc7
{[%clk 0:15:58]} 29. Rxc4 {[%clk 0:56:12]} Rxc4 {[%clk 0:16:25]} 30. Qf3
{[%clk 0:56:12]} 1-0

[Event "Hastings Masters"]
[Site "Horntye, Hastings"]
[Date "2018.01.01"]
[Round "5.27"]
[White "Larsen, Andreas"]
[Black "Rolvag, Mikael"]
[Result "1/2-1/2"]
[BlackElo "2113"]
[WhiteElo "1953"]
[LiveChessVersion "1.4.8"]

1. e4 {[%clk 1:40:56]} c5 {[%clk 1:40:53]} 2. a3 {[%clk 1:37:42]} g6
{[%clk 1:40:15]} 3. b4 {[%clk 1:37:51]} Bg7 {[%clk 1:40:36]} 4. c3
{[%clk 1:38:16]} d6 {[%clk 1:39:22]} 5. Bc4 {[%clk 1:29:49]} Nf6 {[%clk 1:36:17]}
6. h4 {[%clk 1:22:41]} Nc6 {[%clk 1:29:37]} 7. d3 {[%clk 1:15:27]} O-O
{[%clk 1:19:31]} 8. Ra2 {[%clk 1:12:06]} cxb4 {[%clk 1:18:28]} 9. cxb4
{[%clk 1:07:33]} d5 {[%clk 1:18:15]} 10. exd5 {[%clk 1:06:33]} Nxd5
{[%clk 1:17:31]} 11. h5 {[%clk 1:04:49]} Nd4 {[%clk 1:03:23]} 12. hxg6
{[%clk 0:57:33]} hxg6 {[%clk 1:02:17]} 13. Be3 {[%clk 0:57:20]} Qd6
{[%clk 0:51:33]} 14. Bxd4 {[%clk 0:54:30]} Bxd4 {[%clk 0:51:41]} 15. Qf3
{[%clk 0:54:21]} Nf6 {[%clk 0:45:00]} 16. Ne2 {[%clk 0:47:57]} Bb6
{[%clk 0:36:18]} 17. Nf4 {[%clk 0:45:00]} Kg7 {[%clk 0:36:03]} 18. Qg3
{[%clk 0:42:49]} Bf5 {[%clk 0:35:36]} 19. Nc3 {[%clk 0:36:46]} Rh8
{[%clk 0:33:40]} 20. Rf1 {[%clk 0:34:22]} Rad8 {[%clk 0:32:31]} 21. Nfd5
{[%clk 0:29:15]} Nxd5 {[%clk 0:27:39]} 22. Nxd5 {[%clk 0:24:19]} Bd4
{[%clk 0:22:25]} 23. Qxd6 {[%clk 0:23:45]} Rxd6 {[%clk 0:21:09]} 24. Ne3
{[%clk 0:21:10]} Bd7 {[%clk 0:19:40]} 25. b5 {[%clk 0:19:44]} Rh5
{[%clk 0:17:33]} 26. a4 {[%clk 0:18:40]} a6 {[%clk 0:17:25]} 27. bxa6
{[%clk 0:18:53]} bxa6 {[%clk 0:17:48]} 28. Ke2 {[%clk 0:18:56]} Ra5
{[%clk 0:13:19]} 29. Nc2 {[%clk 0:18:17]} Bf6 {[%clk 0:13:19]} 30. Nb4
{[%clk 0:18:14]} Rxa4 {[%clk 0:12:15]} 31. Rxa4 {[%clk 0:18:18]} Bxa4
{[%clk 0:12:39]} 32. Nxa6 {[%clk 0:18:34]} Rb6 {[%clk 0:12:23]} 33. Nc5
{[%clk 0:18:25]} Rb2+ {[%clk 0:12:35]} 34. Ke3 {[%clk 0:18:21]} Bc6
{[%clk 0:12:39]} 35. Ne4 {[%clk 0:18:16]} Be5 {[%clk 0:12:15]} 36. d4
{[%clk 0:15:15]} Bb8 {[%clk 0:11:41]} 37. g3 {[%clk 0:14:10]} Rb4
{[%clk 0:10:37]} 38. Rc1 {[%clk 0:12:32]} Bxe4 {[%clk 0:06:25]} 39. Kxe4
{[%clk 0:12:48]} Bd6 {[%clk 0:06:40]} 40. Rc2 1/2-1/2

[Event "Hastings Masters"]
[Site "Horntye, Hastings"]
[Date "2018.01.01"]
[Round "5.28"]
[White "Ruane, Brendan J"]
[Black "Verma, Aditya"]
[Result "1/2-1/2"]
[BlackElo "2069"]
[WhiteElo "1838"]
[LiveChessVersion "1.4.8"]

1. b3 {[%clk 1:40:54]} d5 {[%clk 1:40:44]} 2. Bb2 {[%clk 1:41:17]} c5
{[%clk 1:41:10]} 3. e3 {[%clk 1:41:36]} Nf6 {[%clk 1:40:28]} 4. f4
{[%clk 1:41:00]} Bg4 {[%clk 1:40:23]} 5. Nf3 {[%clk 1:40:57]} a6 {[%clk 1:40:12]}
6. Be2 {[%clk 1:40:04]} Bxf3 {[%clk 1:40:23]} 7. Bxf3 {[%clk 1:40:06]} e6
{[%clk 1:40:48]} 8. O-O {[%clk 1:35:07]} Nc6 {[%clk 1:39:52]} 9. d3
{[%clk 1:33:37]} Be7 {[%clk 1:39:33]} 10. Nd2 {[%clk 1:32:59]} Qc7
{[%clk 1:39:46]} 11. c4 {[%clk 1:28:38]} Rd8 {[%clk 1:39:04]} 12. a3
{[%clk 1:26:08]} O-O {[%clk 1:38:12]} 13. Qe2 {[%clk 1:23:52]} e5
{[%clk 1:37:29]} 14. f5 {[%clk 1:23:22]} Qd7 {[%clk 1:33:48]} 15. Rad1
{[%clk 1:20:34]} d4 {[%clk 1:27:42]} 16. e4 {[%clk 1:20:03]} h6 {[%clk 1:27:16]}
17. g3 {[%clk 1:18:32]} b5 {[%clk 1:24:40]} 18. Rc1 {[%clk 1:14:06]} Rb8
{[%clk 1:22:52]} 19. Qd1 {[%clk 1:06:47]} Rb7 {[%clk 1:17:54]} 20. cxb5
{[%clk 1:04:57]} axb5 {[%clk 1:17:01]} 21. Rf2 {[%clk 1:00:49]} Rc8
{[%clk 1:14:11]} 22. Rb1 {[%clk 0:50:34]} Na5 {[%clk 1:12:41]} 23. Be2
{[%clk 0:47:04]} Rbc7 {[%clk 1:02:46]} 24. Qf1 {[%clk 0:32:24]} Nb7
{[%clk 1:01:56]} 25. h3 {[%clk 0:29:21]} Na5 {[%clk 0:58:50]} 26. Kh2
{[%clk 0:27:45]} Qd6 {[%clk 0:52:00]} 27. Bc1 {[%clk 0:26:13]} Nc6
{[%clk 0:47:11]} 28. Bf3 {[%clk 0:25:32]} Qd7 {[%clk 0:44:50]} 29. Qe2
{[%clk 0:23:27]} Na5 {[%clk 0:43:53]} 30. Qe1 {[%clk 0:20:28]} c4
{[%clk 0:39:21]} 31. b4 {[%clk 0:20:43]} Nb7 {[%clk 0:37:00]} 32. Be2
{[%clk 0:17:28]} Rc6 {[%clk 0:22:10]} 33. a4 {[%clk 0:16:33]} R6c7
{[%clk 0:14:51]} 34. axb5 {[%clk 0:14:32]} c3 {[%clk 0:14:01]} 35. Nc4
{[%clk 0:14:09]} Qxb5 {[%clk 0:12:41]} 36. Bf1 {[%clk 0:09:39]} Nd6
{[%clk 0:10:43]} 37. Na3 {[%clk 0:08:15]} Qb7 {[%clk 0:08:50]} 38. Nc2
{[%clk 0:07:38]} Nb5 {[%clk 0:07:18]} 39. Bg2 {[%clk 0:06:04]} Ra8
{[%clk 0:06:21]} 40. Re2 {[%clk 0:02:39]} Rc6 {[%clk 0:05:25]} 41. Qf2
{[%clk 0:02:03]} Qc7 {[%clk 0:01:33]} 42. Bf3 {[%clk 0:46:41]} Rca6
{[%clk 0:50:22]} 43. Kh1 {[%clk 0:45:35]} Qd8 {[%clk 0:47:50]} 44. Qg2
{[%clk 0:44:33]} Nd7 {[%clk 0:46:37]} 45. h4 {[%clk 0:40:46]} Nb8
{[%clk 0:46:10]} 46. Qh3 {[%clk 0:40:22]} Nd7 {[%clk 0:41:24]} 47. Rh2
{[%clk 0:35:55]} Ra2 {[%clk 0:38:35]} 48. Bd1 {[%clk 0:36:23]} Nf6
{[%clk 0:31:07]} 49. Bf3 {[%clk 0:27:55]} Nh7 {[%clk 0:29:13]} 50. Bd1
{[%clk 0:27:46]} Qe8 {[%clk 0:28:45]} 51. g4 {[%clk 0:27:14]} f6 {[%clk 0:27:43]}
52. Qg3 {[%clk 0:25:29]} Bd8 {[%clk 0:24:47]} 53. Ne1 {[%clk 0:17:05]} Ra1
{[%clk 0:21:51]} 54. Rxa1 {[%clk 0:14:36]} Rxa1 {[%clk 0:21:54]} 55. Bb3+
{[%clk 0:14:58]} Kf8 {[%clk 0:17:19]} 56. Rc2 {[%clk 0:15:22]} Qe7
{[%clk 0:15:37]} 57. Kg2 {[%clk 0:15:50]} Qxb4 {[%clk 0:14:14]} 58. Bd5
{[%clk 0:14:43]} Na3 {[%clk 0:08:20]} 59. Bxa3 {[%clk 0:13:40]} Qxa3
{[%clk 0:08:47]} 60. g5 {[%clk 0:13:55]} hxg5 {[%clk 0:07:23]} 61. hxg5
{[%clk 0:14:23]} Nxg5 {[%clk 0:05:14]} 62. Qh4 {[%clk 0:14:51]} Ke8
{[%clk 0:03:47]} 63. Bc6+ {[%clk 0:11:53]} Kf7 {[%clk 0:02:57]} 64. Qh8
{[%clk 0:11:36]} Qf8 {[%clk 0:03:16]} 65. Qh5+ {[%clk 0:10:56]} Ke7
{[%clk 0:03:42]} 66. Kf2 {[%clk 0:09:55]} Bc7 {[%clk 0:02:51]} 67. Ng2
{[%clk 0:10:14]} Ra6 {[%clk 0:02:45]} 68. Bd5 {[%clk 0:08:00]} Qe8
{[%clk 0:03:06]} 69. Qd1 {[%clk 0:07:37]} Bd6 {[%clk 0:02:44]} 70. Kg3
{[%clk 0:07:22]} Nh7 {[%clk 0:01:48]} 71. Nh4 {[%clk 0:07:28]} Nf8
{[%clk 0:01:55]} 72. Rc1 {[%clk 0:06:51]} Ra7 {[%clk 0:01:11]} 73. Rb1
{[%clk 0:06:32]} Rc7 {[%clk 0:01:26]} 74. Bc4 {[%clk 0:06:38]} Ra7
{[%clk 0:01:13]} 75. Bd5 {[%clk 0:06:34]} Rc7 {[%clk 0:01:34]} 76. Bc4
{[%clk 0:06:09]} Ra7 {[%clk 0:01:09]} 77. Bd5 {[%clk 0:05:58]} 1/2-1/2